| 000 | 01104nam a2200229#a 4500 | ||
|---|---|---|---|
| 001 | vtls000016085 | ||
| 008 | 230822s1994 xx 000 0 eng d | ||
| 020 | _a0023364904 | ||
| 040 | _aJPS | ||
| 090 | 0 | 0 | _aH 556.3 FET |
| 100 |
_aFetter, Charles Willard. _eauthor |
||
| 245 | 0 | _aApplied hydrigeology / Charles Willard Fetter | |
| 250 | _a3rd edition | ||
| 260 |
_aNew Jersey: Prentice-Hall, _c1994 |
||
| 300 | _a691p; illust. 25cm | ||
| 505 | _a1. Water. 2. Evaporation and precipitation. 3. Runoff and streamflow. 4. Properties of Aquifers. 5. Priciples of ground-water flow. 6. Soil moisture and ground-water recharge. 7. Ground-water flow to wells. 8. Regional Ground-water flow. 9. Geology of ground-water occurence. 10. Water chemistry. 11. Water quality and ground-water contamination. 12. Ground-water development management. 13. Field methods. 14. Ground-water models. | ||
| 650 | 1 | 0 | _aHYDROGEOLOGY. |
| 650 | 2 | 0 | _aWater-supply. |
| 942 | _cMONO | ||
| 990 | _a1994 | ||
| 999 |
_a09099 _aVIRTUA00 _aVTLSSORT0080*0200*0900*1000*2450*2500*2600*3000*5050*6500*6501*9020*9050*9490*9900*9992 _c11479 _d11479 |
||
| 003 | JPS | ||